| 000 | 00526nam a2200229Ia 4500 | ||
|---|---|---|---|
| 005 | 20251020182538.0 | ||
| 008 | 200515s9999 xx 000 0 und d | ||
| 082 | _a726.54+726.9/P47 | ||
| 100 | _aPETERS, Paulhans | ||
| 245 | 0 | _aIglesias y centros parroquiales | |
| 250 | _a2a ed. | ||
| 260 | _aBarcelona | ||
| 260 | _cs.a. | ||
| 300 | _a103 | ||
| 500 | _a1 ejemplar | ||
| 650 | _aARQUITECTURA | ||
| 650 | _aDISEÑO ARQUITECTONICO | ||
| 650 | _aIGLESIAS | ||
| 650 | _aLIB | ||
| 650 | _aPARROQUIAS | ||
| 942 | _cLIB | ||
| 999 |
_c2301 _d2301 |
||